Kultúra: zachraňovať chcú všetci Svojské vystúpenie Milana Ferku na stretnutí umelcov

Bibliographic Details
Main Author: Suballyová, Ľubica (Author)
Format: Article
Language:Slovak
PhysicalDescription:Fotogr. 1
Subjects:

MARC

LEADER 00000nab a2200000 a 4500
001 vtls000595189
003 SK-MaSNL
005 20260303015541.0
008 160203c1996 xo 0 slo
015 |a SNBRB19rr/mm-uuuuu 
035 |a CL0595328 
040 |a SNKBUCL  |b slo  |c SNKBUCL  |e AACR2 
041 0 |a slo 
044 |a xo  |c SK 
080 |a 008(437.6):061.91  |2 1981 
080 |a 7.071.1/.2  |2 1981 
080 |a 354.34(437.6)  |2 1981 
100 1 |a Suballyová, Ľubica  |4 aut  |9 268637 
245 1 0 |a Kultúra: zachraňovať chcú všetci  |b Svojské vystúpenie Milana Ferku na stretnutí umelcov  |c Ľubica Suballyová 
300 |b Fotogr. 1 
650 0 7 |a Ministerstvo kultúry Slovenskej republiky  |2 snkbucl  |9 893973 
650 0 7 |a umelci slovenskí  |2 snkbucl  |9 925966 
650 0 7 |a Zachráňme kultúru (fórum otvorené)  |2 snkbucl  |9 998533 
655 7 |a články z novín a časopisov  |2 snkbucl  |9 267496 
773 0 |t Pravda  |g Roč. 6, č. 208 (6. 9. 1996), s. 1-2 
850 |a Slovenská národná knižnica v Martine  |a MTA001 
852 |a SNK  |b KIS3GCP 
958 |a RK 
958 |a SK 
992 |a RBX 
999 |c 1613421  |d 1615351